<?xml version='1.0' encoding='UTF-8'?>
  <record xmlns="http://www.loc.gov/MARC21/slim">
    <leader>00000cam a2200000 i 4500</leader>
    <controlfield tag="001">ocm65148587</controlfield>
    <controlfield tag="003">OCoLC</controlfield>
    <controlfield tag="005">20250816104340.1</controlfield>
    <controlfield tag="008">900104s1943    ne       m    000 0 dut d</controlfield>
    <datafield tag="040" ind1=" " ind2=" ">
      <subfield code="a">NLGGC</subfield>
      <subfield code="b">dut</subfield>
      <subfield code="e">fobidrtb</subfield>
      <subfield code="c">NLGGC</subfield>
      <subfield code="d">L2U</subfield>
      <subfield code="d">OCLCO</subfield>
      <subfield code="d">OCLCL</subfield>
      <subfield code="d">OCLCQ</subfield>
      <subfield code="d">OCLCL</subfield>
      <subfield code="d">OCLCQ</subfield>
      <subfield code="d">OCLCL</subfield>
      <subfield code="d">OCLCQ</subfield>
    </datafield>
    <datafield tag="029" ind1="0" ind2=" ">
      <subfield code="a">NLGGC</subfield>
      <subfield code="b">059093757</subfield>
    </datafield>
    <datafield tag="029" ind1="1" ind2=" ">
      <subfield code="a">DEBSZ</subfield>
      <subfield code="b">267727763</subfield>
    </datafield>
    <datafield tag="035" ind1=" " ind2=" ">
      <subfield code="a">(OCoLC)65148587</subfield>
    </datafield>
    <datafield tag="041" ind1="0" ind2=" ">
      <subfield code="a">dut</subfield>
      <subfield code="a">ger</subfield>
    </datafield>
    <datafield tag="080" ind1=" " ind2=" ">
      <subfield code="a">172.3.</subfield>
    </datafield>
    <datafield tag="080" ind1=" " ind2=" ">
      <subfield code="a">322.</subfield>
    </datafield>
    <datafield tag="080" ind1=" " ind2=" ">
      <subfield code="a">340.12.</subfield>
    </datafield>
    <datafield tag="080" ind1=" " ind2=" ">
      <subfield code="a">321.01.</subfield>
    </datafield>
    <datafield tag="082" ind1="0" ind2="4">
      <subfield code="a">261.7</subfield>
      <subfield code="q">OCoLC</subfield>
      <subfield code="2">20/eng/20230216</subfield>
      <subfield code="1">https://id.oclc.org/worldcat/ddc/E44WWFwDd8Ppw7HhBH7K6mP6jH</subfield>
    </datafield>
    <datafield tag="084" ind1=" " ind2=" ">
      <subfield code="a">11.55</subfield>
      <subfield code="2">bcl</subfield>
    </datafield>
    <datafield tag="100" ind1="1" ind2=" ">
      <subfield code="a">Schmal, J.J.R.</subfield>
      <subfield code="q">(Jan Johannes Roelof),</subfield>
      <subfield code="d">1894-1966.</subfield>
      <subfield code="1">https://id.oclc.org/worldcat/entity/E39PBJqW3kqwCkC69WWwTjYpT3</subfield>
    </datafield>
    <datafield tag="245" ind1="1" ind2="0">
      <subfield code="a">Tweeërlei staatsbeschouwing in het Réveil /</subfield>
      <subfield code="c">door Jan Johannes Roelof Schmal.</subfield>
    </datafield>
    <datafield tag="260" ind1=" " ind2=" ">
      <subfield code="a">'s-Gravenhage :</subfield>
      <subfield code="b">[s.n.],</subfield>
      <subfield code="c">[1943]</subfield>
      <subfield code="e">('s-Gravenhage :</subfield>
      <subfield code="f">Blommendaal)</subfield>
    </datafield>
    <datafield tag="300" ind1=" " ind2=" ">
      <subfield code="a">221 p. ;</subfield>
      <subfield code="c">25 cm.</subfield>
    </datafield>
    <datafield tag="336" ind1=" " ind2=" ">
      <subfield code="a">tekst</subfield>
      <subfield code="b">txt</subfield>
      <subfield code="2">rdacontent/dut</subfield>
    </datafield>
    <datafield tag="337" ind1=" " ind2=" ">
      <subfield code="a">zonder medium</subfield>
      <subfield code="b">n</subfield>
      <subfield code="2">rdamedia/dut</subfield>
    </datafield>
    <datafield tag="338" ind1=" " ind2=" ">
      <subfield code="a">band</subfield>
      <subfield code="b">nc</subfield>
      <subfield code="2">rdacarrier/dut</subfield>
    </datafield>
    <datafield tag="502" ind1=" " ind2=" ">
      <subfield code="a">Proefschrift (Jur.) Utrecht.</subfield>
    </datafield>
    <datafield tag="530" ind1=" " ind2=" ">
      <subfield code="a">Titel wordt gedigitaliseerd voor de Koninklijke Bibliotheek in het kader van Metamorfoze.</subfield>
    </datafield>
    <datafield tag="600" ind1="1" ind2="4">
      <subfield code="a">Chantepie de la Saussaye, Daniel,</subfield>
      <subfield code="d">1818-1874.</subfield>
      <subfield code="0">(NL-LeOCL)069899274</subfield>
    </datafield>
    <datafield tag="650" ind1=" " ind2="7">
      <subfield code="a">11.55 Protestantism.</subfield>
      <subfield code="0">(NL-LeOCL)077594363</subfield>
      <subfield code="2">bcl</subfield>
    </datafield>
    <datafield tag="650" ind1="1" ind2="7">
      <subfield code="a">Kerk en staat.</subfield>
      <subfield code="2">gtt</subfield>
      <subfield code="0">(NL-LeOCL)078557461</subfield>
    </datafield>
    <datafield tag="650" ind1="1" ind2="7">
      <subfield code="a">Réveil (christendom)</subfield>
      <subfield code="2">gtt</subfield>
      <subfield code="0">(NL-LeOCL)078650380</subfield>
    </datafield>
    <datafield tag="600" ind1="1" ind2="7">
      <subfield code="a">Chantepie de la Saussaye, Daniel,</subfield>
      <subfield code="d">1818-1874.</subfield>
      <subfield code="0">(NL-LeOCL)069899274</subfield>
      <subfield code="2">nta</subfield>
    </datafield>
    <datafield tag="655" ind1=" " ind2="7">
      <subfield code="a">Proefschriften (vorm)</subfield>
      <subfield code="2">gtt</subfield>
      <subfield code="0">(NL-LeOCL)088144445</subfield>
    </datafield>
    <datafield tag="936" ind1=" " ind2=" ">
      <subfield code="a">BATCHLOAD</subfield>
    </datafield>
  </record>